000 00222nam a2200097Ia 4500
008 240331s9999 xx 000 0 und d
082 _bRAV
100 _aRavikumar
245 0 _aThalith :
_bkalai illakiyam araciyal
942 _cL
999 _c1439
_d1439